000
00277nam a2200121Ia 4500
008
190216s9999||||xx |||||||||||||| ||und||
100
_a
Radhakrishnan C
245
0
_a
Agni
260
_b
Poorna Pubs Kozhikode
_c
1991
300
_a
110p
650
_a
Malayalam Novel
942
_c
BK
999
_c
26549
_d
26549